• 首页
  • 本馆介绍
  • 公告通知
  • 最新文献
  • 馆藏检索
  • 电子资源
  • 读者导购
  • 参考咨询
  • 我的图书馆
  • 登录
  • 详细信息显示
  • 放入我的书架
  • 预约/预借图书
  • 作者相关作品
  • 分类相关作品
  • 丛书相关作品
  • 出版社相关作品

书目信息

  • 表格格式
  • 工作单格式
  • 卡片格式
题名:
城镇市容环境卫生建设标准汇编
    
 
作者: ;中国标准出版社 编
分册:   垃圾处理处置卷
出版信息: 北京   中国标准出版社  2021
页数: 306页
开本: 30cm
丛书名:
单 册:
中图分类: R126-65 , X799.305-65 , R126
科图分类:
主题词: 城市卫生--环境卫生--卫生管理--标准--中国--汇编 , 城市--垃圾处理--标准--中国--汇编
电子资源:
ISBN: 978-7-5066-9877-1
000 01039nam0 2200265 450
001 2249312070
005 20220929134252.16
010    @a978-7-5066-9877-1@dCNY120.00
100    @a20220128d2021 em y0chiy50 ea
101 0  @achi
102    @aCN@b110000
105    @aa l 000yy
200 1  @a城镇市容环境卫生建设标准汇编@9cheng zhen shi rong huan jing wei sheng jian she biao zhun hui bian@i垃圾处理处置卷@f中国标准出版社编
205    @a2版
210    @a北京@c中国标准出版社@d2021
215    @a306页@c图@d30cm
330    @a本书收录了截至2021年10月底之前国家相关部门批准发布的各类城镇市容环境卫生国家标准和行业标准。全书共分为三部分,内容包括:垃圾处理处置设备标准;生活垃圾填埋标准;生活垃圾焚烧技术规范、产品标准。
606 0  @a城市卫生@x环境卫生@x卫生管理@x标准@y中国@j汇编
606 0  @a城市@x垃圾处理@x标准@y中国@j汇编
690    @aR126-65@v5
690    @aX799.305-65@v5
690    @aR126@v4
711 02 @a中国标准出版社@9zhong guo biao zhun chu ban she@4编
801  0 @aCN@b91MARC@c20220318
905    @aZUCC@dR126@e2:1-2
    
    城镇市容环境卫生建设标准汇编.垃圾处理处置卷/中国标准出版社编.-2版.-北京:中国标准出版社,2021
    306页:图;30cm
    
    
    ISBN 978-7-5066-9877-1:CNY120.00
    本书收录了截至2021年10月底之前国家相关部门批准发布的各类城镇市容环境卫生国家标准和行业标准。全书共分为三部分,内容包括:垃圾处理处置设备标准;生活垃圾填埋标准;生活垃圾焚烧技术规范、产品标准。
●
相关链接 在五车中查询图书 在当当中查询图书 在豆瓣中查询图书


正题名:城镇市容环境卫生建设标准汇编     索取号:R126/2:1-2         预约/预借

序号 登录号 条形码 馆藏地/架位号 状态 备注
1 2000906482   2000906482   第三书库/ [索取号:R126/2:1-2] 在馆    
2 2000906483   2000906483   第三书库/ [索取号:R126/2:1-2] 在馆    
3 2000906484   2000906484   第三书库/ [索取号:R126/2:1-2] 在馆    
山东省滨州职业学院图书馆 欢迎您!
大连网信软件有限公司© 版权所有